000 00614nam a2200181Ia 4500
008 090124s9999 xx 000 0 und d
082 _b47349
100 _aअष्टीकर मंदाकिनी
245 _a साक्ष होती जलाशयाची
250 _a1
260 _c2008
300 _a192
600 _aअष्टीकर मंदाकिनी
630 _a साक्ष होती जलाशयाची
700 _aअष्टीकर मंदाकिनी
730 _a साक्ष होती जलाशयाची
942 _cBOOK
999 _c113576
_d113576